Manual of cultivated plants /

Guardado en:
Autor Principal: Baileyt, L.H.
Formato: Libro
Idioma:English
Publicado: New York : MacMillan, 1963.
Etiquetas: Agregar Etiqueta
Sin Etiquetas, Sea el primero en etiquetar este registro!
LEADER 00428nam a22001455a 4500
001 EUN.um041137
003 AR-BaUNS
005 20050623122912.0
008 041125s1963####xxua##########000#0#eng#d
245 1 0 |a Manual of cultivated plants /  |c L.H. Baileyt. 
260 |a New York :  |b MacMillan,  |c 1963. 
300 |a 116 p. :  |b ilus. ;  |c 21 cm. 
100 1 |a Baileyt, L.H. 
082 0 4 |a 630.3 
859 |a Ar-BaUNS  |b BIB. CENTRAL - Sector C  |h 630.3  |i B153  |p 2796/964